#6 Soccer World Cup Participant ? - Statistics

General Stats
  • This quiz has been taken 35 times
  • The average score is 7 of 10
Answers on the Grid
Answers color-coded by a green-red scale on the quiz's grid according to % correct below.
Iraq
Israel
Sri Lanka
Finland
Oman
Albania
Belgium
Bolivia
Indonesia
Romania
Tunesia
Ecuador
Cote d'Ivoire
Canada
Kazakhstan
 
Answer Stats
Answer % Correct
Belgium
88%
Canada
81%
Ecuador
81%
Tunesia
73%
Iraq
69%
Romania
69%
Bolivia
65%
Israel
65%
Cote d'Ivoire
62%
Indonesia
38%
No matching quizzes found
Score Distribution
Percent of People with Each Score
Percentile by Number Answered
Your Score History
You have not taken this quiz